| 000 | 00617nam a22002057a 4500 | ||
|---|---|---|---|
| 005 | 20250321143855.0 | ||
| 010 | _aENG-144181 | ||
| 020 | _a9789381205907 | ||
| 035 | _aEN-127713 | ||
| 037 | _bDBAD | ||
| 082 |
_a306.4 _21 |
||
| 100 |
_aAnil sinha(ani) _979814 |
||
| 245 |
_aEmotions: _bNature,animal.human,personal/ _cAuthor |
||
| 250 | _a1 | ||
| 260 |
_aKolkata _c2012 |
||
| 270 |
_ap-12 Motijheel avenue,block2,1st floor, _bKolkata _e700074 _mwww.Power-Publishers.com _mwww.Flipkart.com _mwww.Crossword.com |
||
| 300 |
_a140p _c22(pb) |
||
| 760 | _b1 | ||
| 942 |
_2ddc _cEN _h306.4 _mSin _e1 _kSin |
||
| 999 |
_c210419 _d210419 |
||